000
00272nam a2200109Ia 4500
008
200302s9999 xx 000 0 und d
100
_a
Nolan Lushington and Othera
245
_a
A Design manual Libraries
260
_b
Birkhauser Verlag Gmbh
260
_c
2016
300
_a
263
999
_c
7306
_d
7306